Every town in Hendricks County, Indiana - Statistics

General Stats
  • This quiz has been taken 3 times
  • The average score is 5 of 11
Answer Stats
Answer % Correct
Avon
100%
Brownsburg
100%
Danville
100%
Clayton
67%
Pittsboro
67%
Plainfield
67%
Stilesville
33%
Amo
0%
Coatesville
0%
Lizton
0%
North Salem
0%
No matching quizzes found
Score Distribution
Percent of People with Each Score
Percentile by Number Answered
Your Score History
You have not taken this quiz